009130000a220013300045001000022000002450092000223000050001145000028001645200427001927730045006199420008006649520090006729990017007621 aBustelo, Gabriela10aLa revancha de Woody Allen : Aplauso general para la última película del neoyorkino aVol.0, núm.4 (Enero, 2006), Páginas 24-25 aEscritora y traductora. aCriticado por prolífico, repetitivo y hasta por haberse enredado con su hijastra, Woody Allen parecía condenado al ostracismo. El tema de la comedia ingeniosa situada en el familiar Manhattan se había agotado. Pero con el estreno de Match Point, un refinado drama enmarcado en la clase alta londinense, Allen se gana el respeto de la crítica inclemente de su país y cierra muchas bocas que lo creían acabado.0 tArcadia / Andrés Felipe Solano, Editor cANA 001040708HEMaFUSBCbFUSBCd2016-01-26l0o r2016-01-26 00:00:00w2016-01-26yANA c61738d61738